000 00375nam a2200169Ia 4500
008 160105s9999 xx 000 0 und d
020 _a92-5-204846-4
041 _afre
245 _aInitiation littéraire
260 _aParis
260 _bJ.-B. Baillière
260 _c1968
654 _xLITTERATURE/COURS
942 _c09
994 _a108500
999 _c8419
_d36417